| 000 | 00741nam a2200241Ia 4500 | ||
|---|---|---|---|
| 003 | OSt | ||
| 005 | 20250130144512.0 | ||
| 008 | 210716s1998 xx 000 0 und d | ||
| 020 | _a8175151609 | ||
| 040 | _cAIMIT LIBRARY | ||
| 041 | _aeng | ||
| 082 |
_a006.671 _21 _bALLM |
||
| 100 |
_aAllen, Mitch. _9196372 |
||
| 245 |
_aHands on java beans / _cBy Mitch Allen and John B Harvie. |
||
| 250 | _a1st ed. | ||
| 260 |
_aNew Delhi : _bGalgotia Publications Pvt Ltd , _c1998. |
||
| 300 |
_axxiv,447p. ; _bPB _c25 cm |
||
| 650 |
_aThe graphics control package _9196373 |
||
| 650 |
_aThe simulation package _9196374 |
||
| 650 |
_aThe dynamic form package _9196375 |
||
| 700 |
_aHarvie, John B. _9196376 |
||
| 942 |
_2ddc _cBK _e1st _k006.671 ALLM |
||
| 999 |
_c183630 _d183630 |
||